Agricultural marketing in Lesotho (Record no. 33931)

MARC details
000 -LEADER
fixed length control field 00495nam a2200133 a 4500
008 - FIXED-LENGTH DATA ELEMENTS--GENERAL INFORMATION
fixed length control field 120416s1992 xx |||||||||||||| || u
050 ## - LIBRARY OF CONGRESS CALL NUMBER
Classification number S 572 Agr
100 ## - MAIN ENTRY--PERSONAL NAME
Personal name Storey, G. G
245 10 - TITLE STATEMENT
Title Agricultural marketing in Lesotho
Statement of responsibility, etc. edited by G. G. Storey
246 ## - VARYING FORM OF TITLE
Title proper/short title M.T. Mochebelele and others
260 ## - PUBLICATION, DISTRIBUTION, ETC.
Date of publication, distribution, etc. 1992
350 ## - PRICE (NR) (BK AM CF MU VM SE) [OBSOLETE]
Price 0.00
995 ## - RECOMMENDATION 995 [LOCAL, UNIMARC FRANCE]
-- 0.00
-- CBU-MAIN LIBRARY (Kitwe)
-- 1
-- 35.00
-- 1
-- WEEDED
-- Jul 24, 2017
-- Main Library Open Access Collection
Holdings
Withdrawn status Lost status Source of classification or shelving scheme Damaged status Not for loan Home library Current library Shelving location Date acquired Total Checkouts Full call number Barcode Date last seen Price effective from Koha item type
          CBU-MAIN LIBRARY, KITWE. CBU-MAIN LIBRARY, KITWE.   11/30/2022   S 572 Agr 013609 11/30/2022 11/30/2022 MONOGRAPH